居家安寧療護必修課 : (Record no. 7649)
[ view plain ]
| 000 -記錄標示 | |
|---|---|
| fixed length control field | 01140cam a2200361 a 4500 |
| 001 - 控制號(記錄識別欄) | |
| control field | 625642 |
| 003 - 控制號標識 | |
| 控制識別號 | yeezen |
| 005 - 最後更新時間 | |
| control field | 20250701152859.0 |
| 008 - 定長欄資料代碼 | |
| fixed length control field | 240807s2024 ch ad g b 001 0 chi d |
| 020 ## - 國際標準書號 | |
| 國際標準書號 | 9789863684756 |
| 限定資訊 | (平裝) : |
| 價格與相關資訊 | 新臺幣380元 |
| 040 ## - 編目來源 | |
| 原編目機構 | CIP |
| 編目語言 | chi |
| 移轉機構 | FGUL |
| 修改機構 | FGUL |
| 編目規則代碼 | ccr |
| 041 1# - 語言代碼 | |
| 正文或其他題名語言代碼 | chi |
| 翻譯作品原文 | jpn |
| 042 ## - 編目審定機構代碼 | |
| 編定審定機構代碼 | nbic |
| 084 ## - 其它分類號 | |
| 分類號 | 417.8 |
| 號碼來源 | ncsclt |
| 090 ## - 館藏紀錄 | |
| Classification number (OCLC) (R) ; Classification number, CALL (RLIN) (NR) | 417.8 |
| 100 1# - 主要款目--主要著者 | |
| 個人姓名 | 川越厚 |
| 240 10 - 劃一題名 | |
| Uniform title | がん患者の在宅ホスピスケア |
| Language of a work | 中文 |
| 245 10 - 題名及著者敘述項 | |
| 正題名 | 居家安寧療護必修課 : |
| 其他題名 | 癌症患者的最終旅程 / |
| 著者敍述 | 川越厚原著 ; 張意惠, 黃千睿譯 |
| 246 30 - 題名的其他形式 | |
| 題名 | 癌症患者的最終旅程 |
| 250 ## - 版本項 | |
| 版本敍述 | 初版 |
| 260 ## - 出版項 | |
| 出版地 | 新北市汐止區 : |
| 出版者 | 合記, |
| 出版年 | 2024.02 |
| 300 ## - 稽核項 | |
| 數量(面數, 冊數或其他) | 9, 222面 : |
| 插圖及其他 | 圖, 表格 ; |
| 高廣尺寸 | 23公分 |
| 500 ## - 一般註 | |
| 一般註 | 含索引 |
| 500 ## - 一般註 | |
| 一般註 | 附錄: 本書中相關關鍵術語的定義等4種 |
| 504 ## - 書目註 | |
| 書目註 | 參考書目: 面210-213. |
| 650 #7 - 標題附加款目--主題用語 | |
| 主題用語 | 癌症 |
| 標題系統出處 | lcstt. |
| 650 #7 - 標題附加款目--主題用語 | |
| 主題用語 | 安寧照護 |
| 標題系統出處 | lcstt. |
| 650 #7 - 標題附加款目--主題用語 | |
| 主題用語 | 生命終期照護 |
| 標題系統出處 | lcstt. |
| 700 1# - 附加款目--個人名稱 | |
| 個人姓名 | 張意惠 |
| 700 1# - 附加款目--個人名稱 | |
| 個人姓名 | 黃千睿 |
| 765 0# - 譯自款目 | |
| 題名 | がん患者の在宅ホスピスケア |
| 942 ## - 附加款目元素 (KOHA) | |
| 分類法來源 | 中文圖書分類法 |
| Koha 館藏類型 | 長期借閱書籍 |
| 撤銷狀態 | 遺失狀態 | 分類號來源 | 損壞狀態 | 不外借 | 永久館藏地 | 現在館藏地 | 書架位置 | 採購日期 | 全部借出 | 全部續借 | 完整索書號 | 條碼號 | 還書日 | 最後一次日期記錄 | Date last checked out | 一般價格有效日期 | Koha館藏類型 |
|---|---|---|---|---|---|---|---|---|---|---|---|---|---|---|---|---|---|
| 未註銷館藏 | 未遺失 | 中文圖書分類法 | 未損毀 | 可外借 | 怡仁綜合醫院圖書館 | 怡仁綜合醫院圖書館 | 專科護理師 | 2025-07-01 | 3 | 1 | 417.8 | C03235 | 2026-06-30 | 2026-01-02 | 2026-01-02 | 2025-07-01 | 長期借閱書籍 |